The unfolding of language : (Record no. 677)

000 -LEADER
fixed length control field 01611nam a22004337a 4500
001 - CONTROL NUMBER
control field 13811382
003 - CONTROL NUMBER IDENTIFIER
control field OSt
005 - DATE AND TIME OF LATEST TRANSACTION
control field 20210421065139.0
008 - FIXED-LENGTH DATA ELEMENTS--GENERAL INFORMATION
fixed length control field 041210s2005 nyuab b 001 0 eng
010 ## - LIBRARY OF CONGRESS CONTROL NUMBER
LC control number 2004065607
020 ## - INTERNATIONAL STANDARD BOOK NUMBER
International Standard Book Number 0805079076
020 ## - INTERNATIONAL STANDARD BOOK NUMBER
International Standard Book Number 9780805079074
040 ## - CATALOGING SOURCE
Original cataloging agency eng
Transcribing agency DLC
Modifying agency eng
Language of cataloging eng
041 ## - LANGUAGE CODE
Language code of text/sound track or separate title eng
050 00 - LIBRARY OF CONGRESS CALL NUMBER
Classification number P116
Item number .D48 2005
080 ## - UNIVERSAL DECIMAL CLASSIFICATION NUMBER
Universal Decimal Classification number 811
Item number D-48
082 00 - DEWEY DECIMAL CLASSIFICATION NUMBER
Classification number 401
Edition number 22
100 1# - MAIN ENTRY--PERSONAL NAME
Personal name Deutscher, Guy,
Titles and words associated with a name Dr.
245 14 - TITLE STATEMENT
Title The unfolding of language :
Remainder of title an evolutionary tour of mankind's greatest invention.
250 ## - EDITION STATEMENT
Edition statement 1st ed.
260 ## - PUBLICATION, DISTRIBUTION, ETC.
Place of publication, distribution, etc. New York :
Name of publisher, distributor, etc. Metropolitan Books,
Date of publication, distribution, etc. 2005.
300 ## - PHYSICAL DESCRIPTION
Extent 358 p. :
Other physical details ill., maps ;
Dimensions 24 cm.
365 ## - TRADE PRICE
Price amount 26 usd
504 ## - BIBLIOGRAPHY, ETC. NOTE
Bibliography, etc. note Includes bibliographical references (p. 329-340) and index.
650 #0 - SUBJECT ADDED ENTRY--TOPICAL TERM
Topical term or geographic name entry element Language and languages
General subdivision Origin.
650 #0 - SUBJECT ADDED ENTRY--TOPICAL TERM
Topical term or geographic name entry element Linguistics
9 (RLIN) 445
650 #0 - SUBJECT ADDED ENTRY--TOPICAL TERM
Topical term or geographic name entry element Language and languages
General subdivision Philosophy.
650 #0 - SUBJECT ADDED ENTRY--TOPICAL TERM
Topical term or geographic name entry element Linguistic change.
650 #0 - SUBJECT ADDED ENTRY--TOPICAL TERM
Topical term or geographic name entry element Semantics, Comparative.
650 #0 - SUBJECT ADDED ENTRY--TOPICAL TERM
Topical term or geographic name entry element Metaphor.
650 #0 - SUBJECT ADDED ENTRY--TOPICAL TERM
Topical term or geographic name entry element Order (Grammar)
653 ## - INDEX TERM--UNCONTROLLED
Uncontrolled term ლინგვისტიკა
856 42 - ELECTRONIC LOCATION AND ACCESS
Materials specified Contributor biographical information
Uniform Resource Identifier <a href="http://www.loc.gov/catdir/enhancements/fy0619/2004065607-b.html">http://www.loc.gov/catdir/enhancements/fy0619/2004065607-b.html</a>
856 42 - ELECTRONIC LOCATION AND ACCESS
Materials specified Publisher description
Uniform Resource Identifier <a href="http://www.loc.gov/catdir/enhancements/fy0619/2004065607-d.html">http://www.loc.gov/catdir/enhancements/fy0619/2004065607-d.html</a>
856 41 - ELECTRONIC LOCATION AND ACCESS
Materials specified Sample text
Uniform Resource Identifier <a href="http://www.loc.gov/catdir/enhancements/fy0619/2004065607-s.html">http://www.loc.gov/catdir/enhancements/fy0619/2004065607-s.html</a>
906 ## - LOCAL DATA ELEMENT F, LDF (RLIN)
a 7
b cbc
c orignew
d 1
e ocip
f 20
g y-gencatlg
942 ## - ADDED ENTRY ELEMENTS (KOHA)
Source of classification or shelving scheme
Koha item type Books
Edition 1
Holdings
Withdrawn status Lost status Source of classification or shelving scheme Damaged status Not for loan Permanent location Current location Date acquired Inventory number Total Checkouts Full call number Barcode Date last seen Price effective from Koha item type
          Ken Walker International University Ken Walker International University 12/16/2020 692   811 D-48 692 12/16/2020 12/16/2020 Books
          Ken Walker International University Ken Walker International University 02/08/2021 1378   811 D-48 1378 02/08/2021 02/08/2021 Books

Powered by Koha